Bilecik Bilecik Bilecik Bilecik Bilecik

Osmanlı Coğrafyası kültürel arşiv mirasının yönetimi ve tapu arşivlerinin rolü uluslararası kongresi 21-23 Kasım 2012 İstanbul : (Record no. 55646)

MARC details
000 -BAŞLIK
Sabit Uzunluktaki Kontrol Alanı 01505nam a22003497a 4500
001 - KONTROL NUMARASI
Control Dosyası 0055838
003 - KONTROL NUMARASI KİMLİĞİ
Kontrol Alanı KOHA_MİRAKIL
005 - EN SON İŞLEM TARİHİ ve ZAMANI
Kontrol Alanı 20260207004031.0
007 - FİZİKSEL TANIM SABİT ALAN - GENEL BİLGİ
Sabit uzunluklu kontrol alanı ta
008 - SABİT UZUNLUKTAKİ VERİ ÖGELERİ - GENEL BİLGİ
Sabit Alan 160218b2013 tu |||gro|||#1|||0|tur |
040 ## - KATALOGLAMA KAYNAĞI
Özgün Kataloglama Kurumu TR-BiSEU
Kataloglama Dili tur
Çeviri Kurumu TR-BiSEU
Açıklama Kuralları rda
041 0# - DİL KODU
Metin ya da ses kaydının dil kodu tur
044 ## - YAYINLAYAN/ÜRETEN KURULUŞUN ÜLKE KODU
ISO country code tu
050 ## - SINIFLAMA ve YER NUMARASI
Sınıflama Numarası CD2261
Yer Numarası .O86 2013
111 2# - TOPLANTI ADI
Toplantı Adı Osmanlı Coğrafyası kültürel arşiv mirasının yönetimi ve tapu arşivlerinin rolü uluslararası kongresi (İstanbul : 2012)
9 (RLIN) 103541
245 1# - ESER ADI BİLDİRİMİ
Başlık Osmanlı Coğrafyası kültürel arşiv mirasının yönetimi ve tapu arşivlerinin rolü uluslararası kongresi 21-23 Kasım 2012 İstanbul :
Alt Eseradı vb. bildiriler.
264 #1 - ÜRERİM, YAYIN, DAĞITIM ve TELİF BİLDİRİMİ
Yayın yeri Ankara :
Yayınlayan Koza Basım
Yayın tarihi 2013
300 ## - FİZİKSEL TANIMLAMA
Sayfa, Cilt vb. 3 c.: resimli, tablo; 27 cm.
336 ## - İÇERİK TÜRÜ
Content type term metin
Content type code txt
Source rdacontent
337 ## - MEDYA TÜRÜ
Media type term aracısız
Media type code n
Source rdamedia
338 ## - TAŞIYICI TÜRÜ
Carrier type term cilt
Carrier type code nc
Source rdacarrier
490 1# - DİZİ BİLDİRİMİ
Dizi Bildirimi Çevre ve Şehircilik Bakanlığı Tapu ve Kadastro Genel Müdürlüğü Arşiv Dairesi Başkanlığı Yayın No ;
Cilt Numarası 6.
650 #0 - KONU BAŞLIĞI EK GİRİŞ - KONU TERİMİ
Konusal terim veya coğrafi ad Archives--Turkey--Congresses
9 (RLIN) 43385
650 #0 - KONU BAŞLIĞI EK GİRİŞ - KONU TERİMİ
Konusal terim veya coğrafi ad Archives--Turkey--History
9 (RLIN) 32634
650 #0 - KONU BAŞLIĞI EK GİRİŞ - KONU TERİMİ
Konusal terim veya coğrafi ad Archives--Turkey--History--Sources
9 (RLIN) 32635
650 #0 - KONU BAŞLIĞI EK GİRİŞ - KONU TERİMİ
Konusal terim veya coğrafi ad Arşivler--Türkiye--Kongreler
9 (RLIN) 43387
650 #0 - KONU BAŞLIĞI EK GİRİŞ - KONU TERİMİ
Konusal terim veya coğrafi ad Arşivler--Türkiye--Tarih
9 (RLIN) 43371
650 #0 - KONU BAŞLIĞI EK GİRİŞ - KONU TERİMİ
Konusal terim veya coğrafi ad Arşivler--Türkiye --Tarih-- Kaynaklar
9 (RLIN) 103542
830 1# - SERİ EK GİRİŞİ - TEKBİÇİM ESER ADI
Tekbiçim Başlık Çevre ve Şehircilik Bakanlığı Tapu ve Kadastro Genel Müdürlüğü Arşiv Dairesi Başkanlığı Yayın No ;
Volume number/sequential designation 6.
9 (RLIN) 103543
907 ## - LOCAL DATA ELEMENT G, LDG (RLIN)
a Konferans
942 ## - EK GİRİŞ ÖGELERİ (KOHA)
Source of classification or shelving scheme Library of Congress Classification
Koha item type Book
Holdings
Materyal Türü Kalıcı Konum Mevcut Konum Raf Yeri Sınıflandırma Kaynağı Edinim Bilgisi Ana Konular Alt Konular Yer Numarası Cilt Bilgisi Demirbaş Numarası Fatura Tarihi Geri Çekilme Durumu Kayıp Durumu Hasarlı Durumu Kredi için değil Kayıt Tarih Toplam Ödünçverme Son Görülme Tarihi Son Kontrol Tarihi Genel / Bağış Notu
Book Prof. Dr. Azmi Özcan Kütüphanesi Prof. Dr. Azmi Özcan Kütüphanesi Uluğbey Salonu Library of Congress Classification Bağış TARİHE YARDIMCI BİLİMLER Diplomatik, Arşivler, Mühürler CD2261 .O86 2013 c.1 0055838 02/02/2026         18/02/2016   05/12/2024 05/12/2024 Genel Bağış
Book Prof. Dr. Azmi Özcan Kütüphanesi Prof. Dr. Azmi Özcan Kütüphanesi Uluğbey Salonu Library of Congress Classification Bağış TARİHE YARDIMCI BİLİMLER Diplomatik, Arşivler, Mühürler CD2261 .O86 2013 c.2 0055839 02/02/2026         18/02/2016 1 05/12/2024 05/12/2024 Genel Bağış
Book Prof. Dr. Azmi Özcan Kütüphanesi Prof. Dr. Azmi Özcan Kütüphanesi Uluğbey Salonu Library of Congress Classification Bağış TARİHE YARDIMCI BİLİMLER Diplomatik, Arşivler, Mühürler CD2261 .O86 2013 c.3 0055840 02/02/2026         18/02/2016   05/12/2024 05/12/2024 Genel Bağış